[Event "GER Cup Net V2 U2000"]
[Site "Playchess.com INT"]
[Date "2020.05.22"]
[Round "7"]
[White "Abel, Anais"]
[Black "Engel, Frank"]
[Result "1/2-1/2"]
[WhiteElo "1594"]
[BlackElo "1670"]
[PlyCount "124"]
[EventDate "2020.05.22"]
[EventType "swiss (blitz)"]
[EventRounds "9"]
[EventCountry "GER"]
[SourceTitle "EXT 2021"]
[Source "ChessBase"]
[SourceDate "2020.10.23"]
[SourceVersion "1"]
[SourceVersionDate "2020.10.23"]
[SourceQuality "1"]

1. e4 c5 2. Nc3 Nc6 3. f4 g6 4. Nf3 Bg7 5. Bb5 e6 6. Bxc6 bxc6 7. 0-0 c4 8. d3 cxd3 9. Qxd3 d5 10. f5 gxf5 11. exf5 exf5 12. Nd4 Bxd4+ 13. Qxd4 Qb6 14. Re1+ Kf8 15. Be3 Qxd4 16. Bxd4 f6 17. Re2 Kf7 18. Rae1 Ba6 19. Re6 Bb7 20. Na4 Rc8 21. Nc5 Ba8 22. Rd6 Kg6 23. Rd7 Nh6 24. Rxa7 Ng4 25. h3 Ne5 26. Bxe5 fxe5 27. Rxe5 Rhe8 28. Rae7 Rxe7 29. Rxe7 Rb8 30. b3 Rb5 31. Nd3 c5 32. Ra7 Bb7 33. Nxc5 Rxc5 34. Rxb7 Rxc2 35. a4 Ra2 36. Rb4 Kf6 37. Rd4 Ke5 38. Rd1 Rb2 39. a5 Rxb3 40. Ra1 Rb7 41. a6 Ra7 42. Kf2 Ke4 43. Ke2 d4 44. Ra4 f4 45. Kd2 h5 46. Ra5 h4 47. Ke2 d3+ 48. Kd2 f3 49. gxf3+ Kxf3 50. Kxd3 Kg3 51. Kc4 Kxh3 52. Kb5 Ra8 53. Kb6 Kg2 54. Kb7 Rxa6 55. Rxa6 h3 56. Rg6+ Kf1 57. Rf6+ Kg2 58. Rg6+ Kf1 59. Rg3 h2 60. Rh3 Kg2 61. Rh5 h1Q 62. Rxh1 Kxh1 1/2-1/2

[Event "GER Cup Net V2 U2000"]
[Site "Playchess.com INT"]
[Date "2020.05.22"]
[Round "1"]
[White "Abel, Anais"]
[Black "Schewe, Bernhard"]
[Result "1-0"]
[WhiteElo "1594"]
[BlackElo "1758"]
[PlyCount "125"]
[EventDate "2020.05.22"]
[EventType "swiss (blitz)"]
[EventRounds "9"]
[EventCountry "GER"]
[SourceTitle "EXT 2021"]
[Source "ChessBase"]
[SourceDate "2020.10.23"]
[SourceVersion "1"]
[SourceVersionDate "2020.10.23"]
[SourceQuality "1"]

1. e4 e6 2. d4 d5 3. Nd2 Nf6 4. e5 Nfd7 5. f4 c5 6. Ngf3 Nc6 7. Nb3 Qb6 8. c3 cxd4 9. Nbxd4 Bc5 10. Be2 0-0 11. 0-0 f6 12. exf6 Nxf6 13. Kh1 Ne4 14. Bd3 Bxd4 15. cxd4 Nf6 16. Rb1 Bd7 17. Be3 Rac8 18. h3 Nb4 19. Rf2 Nxd3 20. Qxd3 Ne4 21. Rc2 Rxc2 22. Qxc2 Rc8 23. Qd3 Bb5 24. Qd1 Qa6 25. Rc1 Rxc1 26. Qxc1 Qc6 27. Qxc6 Bxc6 28. Ne5 Bb5 29. Kg1 g6 30. g4 Kg7 31. Kg2 h6 32. Kf3 Nd6 33. b3 Bf1 34. h4 Nf7 35. Nxf7 Kxf7 36. Bd2 a6 37. f5 gxf5 38. Bxh6 Kg6 39. g5 Bd3 40. Bf8 b5 41. Bd6 Bb1 42. a3 Kh5 43. Bg3 Bc2 44. b4 Kg6 45. Kf4 Bd1 46. Ke5 Kf7 47. g6+ Kxg6 48. Kxe6 Bc2 49. Kxd5 Kh5 50. Ke5 Kg4 51. Bf4 Bb3 52. Bh2 Bf7 53. d5 Be8 54. d6 Bd7 55. Kf6 f4 56. Bxf4 Kxf4 57. Ke7 Bf5 58. d7 Bxd7 59. Kxd7 Kg4 60. Kc6 Kxh4 61. Kb6 Kg5 62. Kxa6 Kf5 63. Kxb5 1-0

[Event "GER Cup Net V2 U2000"]
[Site "Playchess.com INT"]
[Date "2020.05.22"]
[Round "8"]
[White "Nagy, Zoltan1111"]
[Black "Abel, Anais"]
[Result "0-1"]
[WhiteElo "1615"]
[BlackElo "1594"]
[PlyCount "84"]
[EventDate "2020.05.22"]
[EventType "swiss (blitz)"]
[EventRounds "9"]
[EventCountry "GER"]
[SourceTitle "EXT 2021"]
[Source "ChessBase"]
[SourceDate "2020.10.23"]
[SourceVersion "1"]
[SourceVersionDate "2020.10.23"]
[SourceQuality "1"]

1. d4 d5 2. Nf3 Nf6 3. g3 e6 4. Bg2 Bd6 5. 0-0 0-0 6. Nc3 c5 7. Re1 a6 8. dxc5 Bxc5 9. a3 Nc6 10. e4 dxe4 11. Qxd8 Rxd8 12. Nxe4 Nxe4 13. Rxe4 Rd1+ 14. Re1 Rxe1+ 15. Nxe1 Nd4 16. Kf1 Bd7 17. Be3 Bb5+ 18. Nd3 Nxc2 19. Rd1 Bxe3 20. Bxb7 Rd8 21. Be4 Bb6 22. Rd2 Bxd3+ 23. Bxd3 Nd4 24. Kg2 a5 25. b4 axb4 26. axb4 g6 27. h4 Rc8 28. f3 Rc3 29. Be4 Re3 30. Bb7 Re2+ 31. Rxe2 Nxe2 32. g4 Kf8 33. Ba6 Nd4 34. f4 Ke7 35. Kg3 Nc2 36. b5 Nd4 37. h5 gxh5 38. gxh5 h6 39. Kg4 Kf6 40. Kg3 Kf5 41. Kh4 Kxf4 42. Bc8 Nxb5 0-1